Древний Китай: История, быт, нравы

Bibliografske podrobnosti
Glavni avtor: Хачатурян В. М. Валерия Марленовна
Jezik:ruščina
Izdano: Москва, Слово, 2001
Serija:Что есть что
Teme:
Format: Knjiga
KOHA link:https://koha.lib.tpu.ru/cgi-bin/koha/opac-detail.pl?biblionumber=45595

MARC

LEADER 00000nam0a2200000 4500
001 45595
005 20231031023943.0
010 |a 5850504958 
035 |a (RuTPU)RU\TPU\book\47498 
090 |a 45595 
100 |a 20021215d2001 dе y0rusy50020304ca 
101 0 |a rus 
102 |a RU 
105 |a a g 000zy 
200 1 |a Древний Китай  |e История, быт, нравы  |f В. М. Хачатурян 
210 |a Москва  |c Слово  |d 2001 
215 |a 48 с.  |c ил. 
225 1 |a Что есть что 
610 1 |a история 
610 1 |a Древний Китай 
610 1 |a Древний мир 
675 |a 087:9  |v 3 
700 1 |a Хачатурян  |b В. М.  |g Валерия Марленовна 
801 1 |a RU  |b 63413507  |c 20021215  |g PSBO 
801 2 |a RU  |b 63413507  |c 20030116  |g PSBO 
942 |c BK